| 000 | 01140cam a2200289 i 4500 | ||
|---|---|---|---|
| 001 | 23769 | ||
| 003 | Mx-PuUPA | ||
| 005 | 20260126101550.0 | ||
| 008 | 140415s2012 mx a gr 001 0 spa d | ||
| 040 |
_cMx-PuUPA _aMx-PuUPA _bspa _dMx-PuUPA _erda |
||
| 041 | 0 | _aspa | |
| 043 | _acl----- | ||
| 100 | 1 |
_aEspinoza Barbosa, José Armando, _d1937- _915358 _eautor |
|
| 245 | 1 | 0 |
_aPreparación evangélica en el nuevo mundo y su primera cristianización : _bla preparación evangélica en el nuevo mundo hasta 1492 y desde 1493 su primera cristianización hasta 1644 / _cJosé Armando Espinoza Barbosa |
| 250 |
_aSegunda edición / _babril |
||
| 264 | 1 |
_aCiudad de México : _bSeminario Mexicano para las Misiones Extranjeras, _c2012 |
|
| 300 |
_a262 páginas : _bilustraciones (a color) ; _c24 cm |
||
| 336 |
_2rdacontent _atexto _btxt |
||
| 337 |
_2rdamedia _asin medio _bn |
||
| 338 |
_2rdacarrier _avolumen _bnc |
||
| 650 | 7 |
_2armarc _aEvangelización _zAmérica |
|
| 650 | 7 |
_2armarc _aMisiones |
|
| 651 |
_aAmérica _xEvangelismo |
||
| 942 |
_2ddc _cLI _h266.0097 _iE77 |
||
| 999 |
_c23769 _d23769 |
||